| 000 | 00907nam a2200265 a 4500 | ||
|---|---|---|---|
| 001 | 34594 | ||
| 003 | BD-RjUL | ||
| 005 | 20211209052202.0 | ||
| 008 | 140518s1962 us a 001 0 eng d | ||
| 035 |
_aCURL 020000127531(Edi) from atc108 _a(BD-RjUL)34688 |
||
| 040 |
_aBD-RjUL _beng _cBD-RjUL _dBD-RjUL |
||
| 041 | _aeng | ||
| 082 |
_a307.14 _bPOD 1962 |
||
| 100 | 1 |
_aPoston, Richard Waverly _9105240 |
|
| 245 | 1 | 0 |
_aDemocracy speaks many tongues : _bcommunity development around the world / _cRichard Waverly Poston |
| 260 |
_aNew York : _bHarper & Row, _c1962. |
||
| 300 |
_axviii, 206 p. : _bill. ; _c22 cm |
||
| 504 | _aIncludes index and Bibliographical references: p. 195-199 | ||
| 650 | 0 |
_aCommunity development _9105241 |
|
| 650 | 0 |
_aEconomic assistance, American _9105242 |
|
| 650 | 0 |
_aTechnical assistance, American _912879 |
|
| 942 |
_2ddc _cBK |
||
| 999 |
_c34594 _d34594 |
||